| 000 | 00524nam a2200169 a 4500 | ||
|---|---|---|---|
| 005 | 20140412111306.0 | ||
| 008 | 010503s19uu xx 00 eng d | ||
| 020 | _a0-7214-0715-3 | ||
| 050 |
_aTR(GS 372.634 _bM941 1982 |
||
| 100 | _aMurdock, Hy | ||
| 245 |
_aI can write book / _cHy Murdock; illustrated by Hurlston Desing Ltd. |
||
| 260 |
_aLoughborough, Leicestershire : _bLadybird Books Ltd, _c1982. |
||
| 300 | _a31p. ; ill. | ||
| 650 | _aWriting-Study and teaching | ||
| 650 | _aWriting activties | ||
| 999 |
_c103687 _d103687 |
||